The noble scholar, jurist, historian


 His Excellency Dr. Abdul Wahhab bin Ibrahim Abu Sulaiman, may Allah have mercy on him.


 He was born in Umm Al-Qura in the year 1356 AH.

مختصر في فقه العبادات على مذهب إمام دار الهجرة مالك بن أنس الأصبحي رضي الله عنه 93-179 هـ. / (Record no. 11631)

MARC details
000 -LEADER
fixed length control field 01425cam a2200265 i 4500
003 - CONTROL NUMBER IDENTIFIER
control field SA-RiAUC
005 - DATE AND TIME OF LATEST TRANSACTION
control field 20250911124257.0
008 - FIXED-LENGTH DATA ELEMENTS--GENERAL INFORMATION
fixed length control field 250910q19001999ts g 00000 ara c
040 ## - CATALOGING SOURCE
Original cataloging agency SA-JeALM
Language of cataloging ara
Transcribing agency SA-RiAUC
Description conventions rda
082 04 - DEWEY DECIMAL CLASSIFICATION NUMBER
Classification number 252
090 ## - LOCALLY ASSIGNED LC-TYPE CALL NUMBER (OCLC); LOCAL CALL NUMBER (RLIN)
Classification number (OCLC) (R) ; Classification number, CALL (RLIN) (NR) 252
Local cutter number (OCLC) ; Book number/undivided call number, CALL (RLIN) ض ب ع
100 1# - MAIN ENTRY--PERSONAL NAME
Personal name الضبع، علي محمد عثمان.
Relator term معد.
245 10 - TITLE STATEMENT
Title مختصر في فقه العبادات على مذهب إمام دار الهجرة مالك بن أنس الأصبحي رضي الله عنه 93-179 هـ. /
Statement of responsibility, etc. اعداد علي محمد عثمان الضبع، مليجي علي غانم، أحمدنا ولد محمد مالك ؛ تقديم عيسى بن عبد الله بن مانع الحميري.
246 30 - VARYING FORM OF TITLE
Title proper/short title مذهب إمام دار الهجرة مالك بن أنس الأصبحي رضي الله عنه
264 #1 - PRODUCTION, PUBLICATION, DISTRIBUTION, MANUFACTURE, AND COPYRIGHT NOTICE
Place of production, publication, distribution, manufacture دبي، الإمارات :
Name of producer, publisher, distributor, manufacturer دائرة الأوقاف والشؤون الإسلامية،
Date of production, publication, distribution, manufacture, or copyright notice [بين 1900 و1999]
300 ## - PHYSICAL DESCRIPTION
Extent 113 صفحة ؛
Dimensions 24 سم
336 ## - CONTENT TYPE
Content type term نص
Content type code txt
Source rdacontent
Materials specified كتاب
337 ## - MEDIA TYPE
Media type term بدون وسيط
Media type code n
Source rdamedia
650 #7 - SUBJECT ADDED ENTRY--TOPICAL TERM
Topical term or geographic name entry element الفقه المالكي
Source of heading or term aucsh
700 1# - ADDED ENTRY--PERSONAL NAME
Personal name غانم، مليجي علي.
Relator term معد.
700 1# - ADDED ENTRY--PERSONAL NAME
Personal name الحميري، عيسى بن عبد الله بن محمد بن مانع،
Dates associated with a name 1954-
Relator term مقدم.
700 ## - ADDED ENTRY--PERSONAL NAME
Personal name مالك، احمدنا ولد محمد
Relator term معد.
942 ## - ADDED ENTRY ELEMENTS (KOHA)
Source of classification or shelving scheme Dewey Decimal Classification
Koha item type Books
Suppress in OPAC No
949 ## - LOCAL PROCESSING INFORMATION (OCLC)
a SA-JeALM
d 250910
u osman123
n 1
Holdings
Withdrawn status Lost status Source of classification or shelving scheme Damaged status Not for loan Home library Current library Date acquired Total checkouts Full call number Barcode Date last seen Price effective from Koha item type
    Dewey Decimal Classification     DR AbdElwahab Library DR AbdElwahab Library 09/11/2025   252 ض ب ع 000018783 09/11/2025 09/11/2025 Books